Word Ladder: MCU Character and Actor Quiz Stats

 Plays Quiz Updated Jul 15, 2019

Score 0/16 Timer 02:00
9 Plays Today
Hint Words % Correct
Colonial insect, can lift up to 100x its own weight↨ ANT ↨
99.3%
An adult male person↨ MAN ↨
95.4%
Limb extending from the shoulder ARM
95.2%
To point at a targetAIM
94.2%
A painting or a sculpture, for exampleART
94.2%
Moved quickly, using the legsRAN
90.1%
Male sheepRAM
90%
The outer edge or border of somethingRIM
87.8%
Hint Words % Correct
The job an actor takesROLE
83.9%
Discourteous or impoliteRUDE
83.2%
To move along by revolving, as a ballROLL
81.7%
A law or code of regulationRULE
81.2%
Actor's first name↨ PAUL ↨
79%
Actor's last name↨ RUDD ↨
74.4%
Collection of opinions on a subjectPOLL
74%
A cloth spread over a coffinPALL
72%

Today's Daily Dose

Missing Word
Sherlocks

Word Ladder
King of the Hill

Quick Pick
Songs in Pink

Get the Picture
NBA Teammates

You're not logged in!

Compare scores with friends on all Sporcle quizzes.
OR
Log In

Sporcle TV

Today on Sporcle TV


Watch our educational content, quiz creation guides, and fun videos on Sporcle TV.

Show Comments

Extras

Top Quizzes Today


Score Distribution

Your Account Isn't Verified!

In order to create a playlist on Sporcle, you need to verify the email address you used during registration. Go to your Sporcle Settings to finish the process.

Report this User

Report this user for behavior that violates our Community Guidelines.

Details: